000 00450nam a2200181Ia 4500
005 20240921120715.0
008 240921s9999||||xx |||||||||||||| ||und||
041 _aENGLISH
082 _A621.37 M5
100 _aStout,Melville B
245 0 _aBasic Electrical Measurements
250 _a1st
260 _c1985
_bPHI,New Delhi
500 _aAids to Computation
650 _aElectrical Measurement
_bElectrical
942 _cBK
999 _c247372
_d247372